Vincitori Coppa del Mondo di sci alpino - Uomini - Statistics

Statistiche generali
  • Questo quiz è stato fatto 83 volte
    36 dall'ultimo reset
  • Il punteggio medio è 27 su 59
Statistiche sulle risposte
Stagione Nazione Vincitore % Corretto
1994/1995 Italia Alberto Tomba
96%
2021/2022 Svizzera Marco Odermatt
82%
2022/2023 Svizzera Marco Odermatt
82%
2022/2023 Svizzera Marco Odermatt
82%
2022/2023 Svizzera Marco Odermatt
82%
2011/2012 Austria Marcel Hirscher
75%
2012/2013 Austria Marcel Hirscher
75%
2013/2014 Austria Marcel Hirscher
75%
2014/2015 Austria Marcel Hirscher
75%
2015/2016 Austria Marcel Hirscher
75%
2016/2017 Austria Marcel Hirscher
75%
2017/2018 Austria Marcel Hirscher
75%
2018/2019 Austria Marcel Hirscher
75%
1970/1971 Italia Gustav Thöni
68%
1971/1972 Italia Gustav Thöni
68%
1972/1973 Italia Gustav Thöni
68%
1974/1975 Italia Gustav Thöni
68%
2004/2005 Stati Uniti Bode Miller
64%
2007/2008 Stati Miller Bode Miller
64%
2019/2020 Norvegia Aleksander Aamodt Kilde
61%
2020/2021 Francia Alexis Pinturault
61%
1984/1985 Lussemburgo Marc Girardelli
61%
1985/1986 Lussemburgo Marc Girardelli
61%
1988/1989 Lussemburgo Marc Girardelli
61%
1990/1991 Lussemburgo Marc Girardelli
61%
1992/1993 Lussemburgo Marc Girardelli
61%
1973/1974 Italia Piero Gros
61%
1975/1976 Svezia Ingemar Stenmark
57%
1976/1977 Svezia Ingemar Stenmark
57%
1977/1978 Svezia Ingemar Stenmark
57%
1997/1998 Austria Hermann Maier
46%
1999/2000 Austria Hermann Maier
46%
2000/2001 Austria Hermann Maier
46%
2003/2004 Austria Hermann Maier
46%
2010/2011 Croazia Ivica Kostelić
36%
1983/1984 Svizzera Pirmin Zurbriggen
36%
1986/1987 Svizzera Pirmin Zurbriggen
36%
1987/1988 Svizzera Pirmin Zurbriggen
36%
1989/1990 Svizzera Pirmin Zurbriggen
36%
1993/1994 Norvegia Kjetil André Aamodt
32%
2006/2007 Norvegia Aksel Lund Svindal
29%
2008/2009 Austria Aksel Lund Svindal
29%
1966/1967 Francia Jean-Claude Killy
18%
1967/1968 Francia Jean-Claude Killy
18%
1991/1992 Svizzera Paul Accola
18%
2001/2002 Austria Stephan Eberharter
18%
2002/2003 Austria Stephan Eberharter
18%
1979/1980 Lichtenstein Andreas Wenzel
14%
2005/2006 Austria Benjamin Raich
14%
2009/2010 Svizzera Carlo Janka
14%
1996/1997 Francia Luc Alphand
14%
1995/1996 Norvegia Lasse Kjus
11%
1998/1999 Norvegia Lasse Kjus
11%
1980/1981 Stati Uniti Phil Mahre
11%
1981/1982 Stati Uniti Phil Mahre
11%
1982/1983 Stati Uniti Phil Mahre
11%
1968/1969 Austria Karl Schranz
4%
1969/1970 Austria Karl Schranz
4%
1978/1979 Svizzera Peter Lüscher
4%
Nessun quiz corrispondente trovato
Distribuzione punteggi
Percentuale di utenti per punteggio
Percentile per numero di risposta
I tuoi punteggi nel tempo
Non hai fatto questo quiz dall'ultimo reset